00749nam a2200145 a 450000100100000000500170001000800410002704000250006808200150009324502840010826000620039230000180045495201140047299900170058600002902020200930055259.0110413s1959 dr r 000 0 spa d aDO-SdBNPbspacBNPHU axxxxbxxxx00aMensaje que los profesionales universitarios dominicanos dirigen a su excelencia el genaralísimo Dr. Rafael Leonidas Trujillo Molina, benefactor de la patria y padre de la patria nueva, con ocación del homenaje nacional que dicha clase rinde al líderdel pueblo dominicano/. aCiudad Trujillo, República Dominicana :b[s.n.],c1959. a57 P.a23 cm. 00107-18PDaPDbPDcOId2011-04-13iLF1l0oxxxx xxxxp29020-10r2020-06-25w2020-06-25yLFPDZNo se presta c28512d28512